000 00358nam a22001337a 4500
999 _c518949
_d518949
008 211227b ||||| |||| 00| 0 eng d
100 _aSharma, Vishnu
_931862
245 _aDigital India: Towards a connected nation
260 _aKurukshetra
300 _a69(9), Jul, 2021: p.31-36
773 _aKurukshetra
906 _aCOMMUNICATION
942 _cAR